Policy strategy and innovation primer : process, praxis and tools /
"Phua focuses on applying the best of corporate strategy and innovation tools and praxis into the policy process with the aim of devising a coherent policy strategy-innovation framework and process. Government and business strategy differ in their operating assumptions and variables, but the st...
Salvato in:
| Autore principale: | |
|---|---|
| Natura: | Libro |
| Pubblicazione: |
London:
Routledge.,
c2023
|
| Soggetti: | |
| Tags: |
Aggiungi Tag
Nessun Tag, puoi essere il primo ad aggiungerne!!
|
MARC
| LEADER | 00000cam a22000008i 4500 | ||
|---|---|---|---|
| 005 | 20250711121119.0 | ||
| 020 | |a 9781032309088 |c TZs.138,957/= | ||
| 020 | |a 9781032309095 | ||
| 040 | |a MUL |b eng |e AACR2 | ||
| 082 | 0 | 0 | |a 658.4012 PHU |
| 100 | 1 | |a Phua, Charles Chao Rong, | |
| 245 | 1 | 0 | |a Policy strategy and innovation primer : |b process, praxis and tools / |c Charles Chao Rong Phua. |
| 260 | |a London: |b Routledge., |c c2023 | ||
| 300 | |a xv,181p.: |b ill.; |c 22cm | ||
| 504 | |a Includes bibliographical references and index. | ||
| 505 | 0 | |a Public Policy and Public Administration/Management: Paradigms, Practice and Paradoxes -- Bringing the Public and Process back into Public Policy: A Citizen's Guide to Public Policy Process -- Macro Situation Analysis: Environment Analysis -- Macro Situation Analysis: Organisational Strategies -- Meso Analysis for Policy Strategy: Interaction Strategies -- Agenda Setting, Data Collection and Analysis Tools -- Idea Generation -- Conclusion: Towards Strategic Pragmatism in Policy Strategy-Innovation, a Research Agenda for Complexity. | |
| 520 | |a "Phua focuses on applying the best of corporate strategy and innovation tools and praxis into the policy process with the aim of devising a coherent policy strategy-innovation framework and process. Government and business strategy differ in their operating assumptions and variables, but the strategy process is more similar than is often perceived. Phua debunks the government versus business dichotomy and demonstrates the potential for cross-learning between both domains. Readers will benefit the most by reading this book in tandem with Phua's other works on strategy also featured in this series. An essential primer for academics, practitioners, and learners of public policy and applied problem solving"-- | ||
| 546 | |a eng. | ||
| 650 | 0 | |a Strategic Planning. | |
| 650 | 0 | |a Technological Innovations. | |
| 942 | |c BK | ||
| 999 | |c 11076 |d 11076 | ||